000 00463nam a2200181Ia 4500
001 45274
008 140428s9999 xx 000 0 und d
020 _aNA
040 _cPK-LaUMT
082 _aRHC 891.4393
_bNAZ-F
100 _aNazir Ahmad Khan
245 _aFasaanah-e-mubtalaa (Urdu)
_cNazir Ahmad Khan
260 _aKarachi,Pakistan:
_bUrdu Academy Sind,
_c1960
300 _a304 p.
546 _aUR
650 _aPakistani literature-Urdu
942 _cBK
999 _c43242
_d43242